15 plus grandes villes de France - Statistiques

Statistiques générales
  • Ce quiz a été pris 417 fois
    120 depuis la dernière actualisation
  • Le résultat moyen est 12 sur 15
Statistiques - réponses
Population Ville % Correct
873 076 Marseille
100%
2 133 111 Paris
100%
522 250 Lyon
98%
291 313 Strasbourg
95%
504 078 Toulouse
95%
236,710 Lille
94%
348,085 Nice
92%
261 804 Bordeaux
89%
323 204 Nantes
86%
225 081 Rennes
86%
302 454 Montpellier
81%
166,058 Le Havre
56%
180 452 Toulon
55%
172,718 Saint-Étienne
54%
179 380 Reims
50%
Aucun quiz correspondant
Distribution des résultats
% des personnes avec chaque résultat
Percentile par nombre de réponses
Votre historique - résultats
Vous n’avez pas pris ce quiz depuis la dernière actualisation